| 000 | 00772nam a2200241Ia 4500 | ||
|---|---|---|---|
| 003 | OSt | ||
| 005 | 20220923215706.0 | ||
| 006 | a|||||r|||| 00| 0 | ||
| 007 | ta | ||
| 008 | 220922b |||||||| |||| 00| 0 hin d | ||
| 024 | _a180,886 | ||
| 037 | _cTextual | ||
| 040 |
_aARTS _cARTS _bhin |
||
| 041 |
_2hin _ahin |
||
| 082 | _aO152,1N08:g, M0 | ||
| 100 | _aगुप्त, मन्मथ नाथ | ||
| 245 | 0 | _aअपने समय का सूर्य दिन कर | |
| 246 | _aApane samaya kā sūrya din kara | ||
| 260 |
_aदिल्ली _b आलेख प्रकाशन _c1981 |
||
| 300 |
_a128 पृ. _ccm. |
||
| 942 |
_hO152,1N08:g, M0 _cTEXL _2CC |
||
| 999 |
_c334264 _d334264 |
||